000 00387nam a22001337a 4500
040 _cNUST
082 _a891.439,HUS
100 _aHussain, Ashfaq
_99798
245 _aGentleman Bismillah /جنٹلمین بسم اللہ (Urdu) /
_cAshfaq Hussain
260 _aLahore
_bIdara matbuat e sulemani
_c2016
300 _a236 p.;
650 _aUrdu literature
942 _2ddc
_cBK
_k891.439,HUS
999 _c593529
_d593529